00464 2200181 4500001002100000005001500021035002000036008004100056245004600097100001900143260003300162300001200195020002200207084001400229082000800243650001300251990001800264INLIS00000000000037420240813103901 a0010-0724000374240813 0 ind 1 aKomputer Si Mesin Pintar /cFeri Sulianta aSujatmiko, Eko aBandung :bPakar Raya,c2007 a60 hlm. a978-602-8219-51-8 a004 EKO k a004 4aKomputer aP29/CP/24/374